Tiềm năng phát triển nhiên liệu sinh học tại Bình Thuận

Đã lưu trong:
书目详细资料
主要作者: Mai, Thanh Nga
格式: 图书
语言:Undetermined
主题:
在线阅读:http://lrc.tdmu.edu.vn/opac/search/detail.asp?aID=2&ID=26577
标签: 添加标签
没有标签, 成为第一个标记此记录!
Thư viện lưu trữ: Trung tâm Học liệu Trường Đại học Thủ Dầu Một
LEADER 00571nam a2200145Ia 4500
001 TDMU_26577
008 210410s9999 xx 000 0 und d
082 |a 370.9597 
100 |a Mai, Thanh Nga 
245 0 |a Tiềm năng phát triển nhiên liệu sinh học tại Bình Thuận 
245 0 |c Mai Thanh Nga 
300 |a Tr.15-20 
650 |a Khoa học công nghệ; Nhiên liệu sinh học; Bình Thuận 
856 |u http://lrc.tdmu.edu.vn/opac/search/detail.asp?aID=2&ID=26577 
980 |a Trung tâm Học liệu Trường Đại học Thủ Dầu Một